000 00792nam a2200277 i 4500
003 DO-SdBNP
005 20250623135459.0
007 ta
008 250623s1989 dr 000 0 spa d
040 _aDO-SdBNP
_bspa
_cBNPHU
_erda
041 _hspa
082 _a861.44
_bT796p
_222
100 1 _aTrespalacios, Ramón
_eautor
_4aut.
_988169
110 _9447
245 1 0 _aPáginas... del libro del dolor /
_cRamón Trespalacios
264 1 _aSanto Domingo :
_bEditora Corripio,
_c1989
300 _a108 páginas ;
_c24 cm.
336 _atexto
_btxt
_2rdacontent
337 _asin mediación
_bn
_2rdamedia
338 _avolumen
_bnc
_2rdacarrier
590 _aInventariado, 2025/DG
650 4 _aPoesía dominicana
650 4 _aLiteratura dominicana
910 _aDG
942 _2ddc
_cLBS1
999 _c59364
_d59364